000 00362nam a2200145Ia 4500
008 210210b1974 xxu||||| |||| 00| 0 eng d
082 _a252.03 FARE
100 _aFARRER (Austin).
245 _aEnd of man.
260 _aMichigan
_bWilliam B Eerdmans Publishing Co.,
_c1974
300 _axii,176
650 _aSermon
690 _aChristianity
906 _a038579
999 _c88549
_d88549